| Поле | Название | Значение |
| |
Тип записи |
m |
| |
Библиографический уровень |
m |
| 001 |
Контрольный номер |
bb6df8ac9e5b453e889940b7dd41a3fb |
| 005 |
Дата корректировки |
20260213113524.4 |
| 080 |
Индекс УДК |
__ |
| a |
Индекс УДК |
796.071.4(04)+378.2(04) |
| 090 |
Шифры |
__ |
| c |
Каталожный индекс |
796.071.4(04)+378.2(04) |
| x |
Авторский знак |
П 314 |
| 100 |
Автор |
1_ |
| a |
Автор |
Петухов И.Н. |
| 245 |
Заглавие |
10 |
| a |
Заглавие |
Развитие советской системы подготовки преподавателей по физическому воспитанию и спорту в СССР (1917-1948) |
| b |
Продолж. заглавия |
автореферат диссертации на соискание ученой степени кандидата педагогических наук |
| 256 |
Характеристики компьютерного файла |
__ |
| a |
Характеристики компьютерного файла |
Электрон. текстов. дан. (1 файл : 4,48 МБ) |
| 260 |
Выходные данные |
__ |
| a |
Место издания |
Москва |
| c |
Дата издания |
1949 |
| 300 |
Физическое описание |
__ |
| a |
Объем |
Электрон. дан. (1 файл) |
| 336 |
Вид содержания |
__ |
| a |
Термин вида содержания |
Текст |
| 337 |
Средство доступа |
__ |
| a |
Термин типа средства |
электронный |
| 500 |
Примечания |
__ |
| a |
Примечание |
Режим доступа: Электронный каталог библиотеки. - Загл. с титула экрана. - Электрон. копия печ. версии |
| 650 |
Тематические рубрики |
04 |
| a |
Предметная рубрика |
АВТОРЕФЕРАТЫ |
| 650 |
Тематические рубрики |
14 |
| a |
Предметная рубрика |
ФИЗКУЛЬТУРА И СПОРТ |
| 650 |
Тематические рубрики |
04 |
| a |
Предметная рубрика |
ЭЛЕКТРОННАЯ БИБЛИОТЕКА |
| 653 |
Ключевые слова |
0_ |
| a |
Ключевые слова |
ПОДГОТОВКА ПРЕПОДАВАТЕЛЕЙ; ПРЕПОДАВАТЕЛИ ФИЗИЧЕСКОЙ КУЛЬТУРЫ |
| 900 |
Макрообъекты |
__ |
| a |
Имя макрообъекта |
Петухов И.Н. (автореф.)(018546) |
| 901 |
Тип документа |
__ |
| t |
Тип документа |
r |
| 952 |
Тип литературы |
__ |
| a |
Тип литературы для КСУ ВШ |
ЭАН |
| 999 |
Фонд |
__ |
| a |
Фонд |
автореф. 2026 ЭР |